| 000 | 01167nam a22002537a 4500 | ||
|---|---|---|---|
| 001 | 44571 | ||
| 003 | BD-RjUL | ||
| 005 | 20211209053901.0 | ||
| 008 | 160718s1968 bg ||||| |||| 00| 0 ben d | ||
| 020 | _c : TK 12.50 | ||
| 035 | _a(BD-RjUL)44689 | ||
| 040 |
_aBD-RjUL _bben _cBD-RjUL |
||
| 041 | _aben | ||
| 082 |
_223 _a398.03 _bKAL 1968 |
||
| 100 | 1 |
_aরায়, কামিনীকুমার _9136749 |
|
| 245 | 1 | 0 |
_aলৌকিক শব্দকোষ / _cকামিনীকুমার রায় এবং সুনীতিকুমার চট্টোপাধ্যায় |
| 260 |
_aকলকাতা : _bইন্ডিয়ান পাবলিকেশনস্, _c১৯৬৮ |
||
| 300 |
_a২৪৮ পৃ. ; _c২১ সেমি. |
||
| 490 |
_aইন্ডিয়ান পাবলিকেশনস্ ফোকলোর সিরিজ _v১৩ |
||
| 650 |
_aলোকাচারবিদ্যা _vঅভিধান _9136750 |
||
| 650 |
_aFolklore _vDictionaries _9136751 |
||
| 830 |
_aইন্ডিয়ান পাবলিকেশনস্ ফোকলোর সিরিজ _v১৩ _9136753 |
||
| 942 |
_2ddc _cBK |
||
| 999 |
_c44571 _d44571 |
||